| 000 | 00600nam a2200193Ia 4500 | ||
|---|---|---|---|
| 003 | GCL | ||
| 008 | 140319s9999 xx 000 0 ara d | ||
| 040 |
_aGCL / _cGCL |
||
| 082 | 0 | 4 |
_a227 _bم ت |
| 100 | 1 | _aمحمد عبدالرحيم | |
| 245 | 1 | 0 |
_aتفسير الصحابة مميزاتة- خصائصة- مصادرة- قيمتة العلمية / _cمحمد عبدالرحيم |
| 260 |
_a[S.N] : _bمكتبة التراث الاسلامى ، _c1991 |
||
| 300 | _a118 ص | ||
| 490 | _a | ||
| 650 | 0 | 4 | _aتفاسير |
| 650 | 0 | 4 | _aاهل السنة |
| 650 | 0 | 4 | _aالقران |
| 942 |
_2ddc _cBK |
||
| 999 |
_c31925 _d31925 |
||